| 000 | 00822nam a22002777a 4500 | ||
|---|---|---|---|
| 005 | 20230626095329.0 | ||
| 008 | 180917b xxu||||| |||| 00| 0 spa d | ||
| 020 | _a9786071700476 | ||
| 041 | _aESP | ||
| 082 | _a3.27 A811t | ||
| 100 |
_aAscanio Guevara, Alfredo _981231 |
||
| 100 |
_aVinicius Campos, Marcus _981232 |
||
| 245 | _aTurismo sustentable: el equilibrio necesario en el siglo XXI | ||
| 260 | _aMéxico | ||
| 260 | _bTrillas | ||
| 260 | _c2014 | ||
| 300 | _a158 páginas | ||
| 650 |
_aTURISMO SUSTENTABLE _981233 |
||
| 650 |
_aTURISMO GEOGRAFICO _981234 |
||
| 650 |
_aTURISMO AMBIENTAL _981235 |
||
| 650 |
_aDESARROLLO DE LAS COMUNIDADES _981236 |
||
| 650 |
_aDESTINOS ALTERNATIVOS _981237 |
||
| 650 |
_aECOTURISMO URBANO _981238 |
||
| 650 |
_aORDENAMIENTO TERRITORIAL _981239 |
||
| 942 | _cBK | ||
| 999 |
_c11118 _d11118 |
||